| 000 | 01037nam a22001937a 4500 | ||
|---|---|---|---|
| 999 |
_c62378 _d62378 |
||
| 003 | Ge_BSU | ||
| 005 | 20241018113203.0 | ||
| 008 | 241018s1996 ge ||||| |||| 00| 0 geo d | ||
| 041 | _ageo | ||
| 080 | _a617-089(075.8) გ-82 | ||
| 100 |
_aგრიგოლია, ნოდარ _93225 |
||
| 245 |
_aკლინიკური ქირურგია (რჩეული თავები) : _bსახელმძღვ. სამედ. ინ-ტების სტუდ. / _cნოდარ გრიგოლია; [რედ. ი. დავითაია]; თბილისის სახ. სამედ. უნ-ტი. |
||
| 264 |
_aთბილისი : _bტრადიც. მედიცინა, _c1996. |
||
| 300 |
_a416 გვ. ; _b20 სმ. |
||
| 653 | _aკლინიკური ქირურგია | ||
| 653 | _aქირურგიული პათოლოგიები | ||
| 700 |
_aდავითაია, ი. _eრედაქტორი _93226 |
||
| 942 |
_2udc _cᲬᲘᲒᲜᲘ |
||